LEADER 04284 am 22007213u 450 001 9910166652303321 005 20230221124801.0 010 $a0-8223-7684-9 035 $a(CKB)3710000000108680 035 $a(EBL)1684537 035 $a(SSID)ssj0001113730 035 $a(PQKBManifestationID)11615205 035 $a(PQKBTitleCode)TC0001113730 035 $a(PQKBWorkID)11048362 035 $a(PQKB)11423664 035 $a(OCoLC)873034956 035 $a(MiAaPQ)EBC1684537 035 $a(oapen)https://directory.doabooks.org/handle/20.500.12854/30948 035 $a(EXLCZ)993710000000108680 100 $a20140512d2014|||| u|| | 101 0 $aeng 135 $aurmn#---||||| 181 $ctxt$2rdacontent 182 $cc$2rdamedia 183 $acr$2rdacarrier 200 10$aState of ambiguity $ecivic life and culture in Cuba's first republic /$fSteven Palmer, Jose? Antonio Piqueras, and Amparo Sa?nchez , editors 210 $aDurham $cDuke University Press$d2014 215 $a1 online resource (372 p.) 300 $aDescription based upon print version of record. 311 08$aPrint version: 0822356309 327 $aRevisiting Cuba's first republic / Steven Palmer, Jose? Antonio Piqueras, and Amparo Sa?nchez -- A sunken ship, a bronze eagle, and the politics of memory: the "social life" of the USS Maine in Cuba (1898-1961) / Marial Iglesias Utset -- Shifting sands of Cuban science, 1875-1933 / Steven Palmer -- Race, labor, and citizenship in Cuba: a view from the sugar district of Cienfuegos, 1886-1909 / Rebecca J. Scott -- Slaughterhouses and milk consumption in the "sick republic": socio-environmental change and sanitary technology in Havana, 1890-1925 / Reinaldo Funes Monzote -- Attributes for the capital of an austere republic / Jose? Antonio Piqueras Arenas -- Transcending borders: ¡tierra! and the expansion of anarchism in Cuba after independence / Amparo Sa?nchez -- Steeds, cocks, and guayaberas: the social impact of agrarian reorganization in the republic / Imilcy Balboa Navarro -- District 25: rotary clubs and regional civic power in Cuba, 1916-1940 / Maikel Farin?as Borrego -- El naciente pu?blico oyente: towards a genealogy of the audience in early republican Cuba / Alejandra Bronfman -- New knowledge for new times: the sociedad del folklore Cubano during the "critical decade" (1923-1930) / Ricardo Quiza Moreno -- Nation, state, and the making of the Cuban working class, 1920-1940 / Robert Whitney. 330 $aCuba's first republican era (1902-1959) is principally understood in terms of its failures and discontinuities, typically depicted as an illegitimate period in the nation's history, its first three decades and the overthrow of Machado at best a prologue to the ""real"" revolution of 1959. State of Ambiguity brings together scholars from North America, Cuba, and Spain to challenge this narrative, presenting republican Cuba instead as a time of meaningful engagement-socially, politically, and symbolically. Addressing a wide range of topics-civic clubs and folkloric societies, science 606 $aCuba -- History -- 19th century 606 $aCuba -- History -- 20th century 606 $aCuba -- Politics and government -- 19th century 606 $aCuba -- Politics and government -- 20th century 606 $aRegions & Countries - Americas$2HILCC 606 $aHistory & Archaeology$2HILCC 606 $aLatin America$2HILCC 610 $aHistory 610 $aAnarchism 610 $aCuba 610 $aHavana 610 $aUnited States 615 4$aCuba -- History -- 19th century. 615 4$aCuba -- History -- 20th century. 615 4$aCuba -- Politics and government -- 19th century. 615 4$aCuba -- Politics and government -- 20th century. 615 7$aRegions & Countries - Americas 615 7$aHistory & Archaeology 615 7$aLatin America 676 $a972.9105 700 $aPalmer$b Steven$0857785 701 $aPiqueras$b Jose? Antonio$0857786 701 $aSa?nchez Cobos$b Amparo Sa?nchez$0857787 801 0$bAU-PeEL 801 1$bAU-PeEL 801 2$bAU-PeEL 801 2$bUkMaJRU 906 $aBOOK 912 $a9910166652303321 996 $aState of ambiguity$91915302 997 $aUNINA LEADER 03767nam 2200493 450 001 9910682542803321 005 20230509114058.0 035 $a(CKB)5580000000527108 035 $a(NjHacI)995580000000527108 035 $a(EXLCZ)995580000000527108 100 $a20230509d2023 uy 0 101 0 $aeng 135 $aur||||||||||| 181 $ctxt$2rdacontent 182 $cc$2rdamedia 183 $acr$2rdacarrier 200 00$aCompensation for wrongful convictions $ea comparative perspective /$fedited by Wojciech Jasin?ski and Karolina Kremens 210 1$aAbingdon, Oxon ;$aNew York, NY :$cTaylor & Francis,$d2023. 215 $a1 online resource (260 pages) 225 1 $aRoutledge contemporary issues in criminal justice and procedure 311 $a1-03-213476-3 320 $aIncludes bibliographical references and index. 327 $aCompensation for wrongful convictions in England and Wales / Hannah Quirk -- Compensation for wrongful convictions in Germany / Anna Helena Albrecht -- Compensation for wrongful convictions in Italy / Simone Lonati -- Compensation for wrongful convictions in Spain / Juan Carlos Ortiz-Pradillo -- Compensation for wrongful convictions in the Netherlands / Joost Nan, Nina Holvast, and Sjarai Lestrade -- Compensation for wrongful convictions in Norway / Ulf Stridbeck -- Compensation for wrongful convictions in Lithuania / Simona Drukteiniene? -- Compensation for wrongful convictions in Poland / Dorota Czerwin?ska and Artur Kowalczyk -- Compensation for wrongful conviction in the United States / Meghan J. Ryan -- European standard of compensation for wrongful conviction / Ma?gorzata Wa?sek-Wiaderek -- In quest of the optimum model for compensating wrongful conviction / Wojciech Jasin?ski and Karolina Kremens. 330 $a"This book presents a comprehensive comparative analysis of the substantive and procedural aspects of compensation for wrongful convictions among European countries and the USA, as well as the standard derived from the case law of the European Court of Human Rights. The collection draws comparative conclusions as to the similarities and differences between selected jurisdictions and assesses the effectiveness of the national compensation schemes. This enables the designing of an optimum model of compensation, offering accessibility and effectiveness for the victims of miscarriages of justice and being acceptable for jurisdictions based on common law, and civil law traditions, as well as inquisitorial and adversarial types of criminal process. Moreover, the discussion of the minimum European standard as established in the case law of the European Court of Human Rights enables us to identify how the Strasbourg Court can contribute to strengthening the compensation scheme. The book will be essential reading for students, academics and policymakers working in the areas of criminal law and procedure"-- Provided by publisher. 410 0$aRoutledge contemporary issues in criminal justice and procedure. 606 $aCompensation for judicial error 606 $aGovernment liability 606 $aReparation (Criminal justice) 606 $aCompensation for judicial error$zEurope 606 $aCompensation for judicial error$zUnited States 615 0$aCompensation for judicial error. 615 0$aGovernment liability. 615 0$aReparation (Criminal justice) 615 0$aCompensation for judicial error 615 0$aCompensation for judicial error 676 $a345.0122 702 $aJasin?ski$b Wojciech 702 $aKremens$b Karolina 801 0$bNjHacI 801 1$bNjHacl 906 $aBOOK 912 $a9910682542803321 996 $aCompensation for Wrongful Convictions$93086956 997 $aUNINA